000
00305nam a22001337a 4500
008
170719b xxu||||| |||| 00| 0 eng d
020
_a
9780521329859
041
_a
eng
080
_a
2
100
_a
24
101
_a
TEO
245
_a
ISLAM IN A WORLD OF NATION-STATES
_c
PISCATONI, J.P
942
_2
udc
_c
BK
999
_c
21624
_d
21624